Нематериальные активы как важнейший фактор успешного функционального бизнеса; Экономика России в XXI веке

書誌詳細
Parent link:Экономика России в XXI веке.— 2011.— С. 37-39
第一著者: Сафонова Л. И. Лариса Ивановна
その他の著者: Соловьева Н. Н.
言語:ロシア語
出版事項: 2011
シリーズ:Современные тенденции бухгалтерского учета и аудита
主題:
フォーマット: MixedMaterials 図書の章
KOHA link:https://koha.lib.tpu.ru/cgi-bin/koha/opac-detail.pl?biblionumber=235777

MARC

LEADER 00000naa2a2200000 4500
001 235777
005 20231031204331.0
035 |a (RuTPU)RU\TPU\book\256917 
035 |a RU\TPU\book\256860 
090 |a 235777 
100 |a 20130416d2011 k y0rusy50 ca 
101 0 |a rus 
102 |a RU 
200 1 |a Нематериальные активы как важнейший фактор успешного функционального бизнеса  |f Л. И. Сафонова, Н. Н. Соловьева 
225 1 |a Современные тенденции бухгалтерского учета и аудита 
320 |a Библиогр.: с. 39 (7 назв.) 
463 0 |0 (RuTPU)RU\TPU\book\250468  |t Экономика России в XXI веке  |o сборник научных трудов VIII Всероссийской научно-практической конференции "Фундаментальные проблемы модернизации экономики России", г. Томск, 15-18 ноября 2011 г.  |f Национальный исследовательский Томский политехнический университет (ТПУ), Инженерно-экономический факультет ; под ред. Г. А. Барышевой, Л. М. Борисовой  |v С. 37-39  |d 2011  |p 420 с. 
610 1 |a труды учёных ТПУ 
610 1 |a нематериальные активы 
610 1 |a бизнес 
610 1 |a бухгалтерский учет 
610 1 |a налоговый учет 
610 1 |a управленческий учет 
700 1 |a Сафонова  |b Л. И.  |c российский экономист  |c доцент Томского политехнического университета, кандидат экономических наук  |f 1940-  |g Лариса Ивановна  |2 stltpush  |3 (RuTPU)RU\TPU\pers\25563 
701 1 |a Соловьева  |b Н. Н. 
801 1 |a RU  |b 63413507  |c 20121214 
801 2 |a RU  |b 63413507  |c 20130416  |g RCR 
942 |c BK